000 00569nam a22001817a 4500
003 0
005 20240124101715.0
008 240124b xxu||||| |||| 00| 0 eng d
020 _a978-1-4129-9166-7
050 _aHF 5549.5D37
_b.H86 2012
245 _aHuman resource information systems :basics, applications, and future directions
250 _a2nd ed.
260 _aUnited Kingdom
_bSage
_cc2012
300 _axxiii, 623pp.
_c25cm.
500 _aPersonnel management--information technology.
500 _aPersonnel management--data processing.
942 _2lcc
_cBK
999 _c365890
_d365890